[Event "SVK-ch U12"]
[Site "Dudince"]
[Date "2023.04.19"]
[Round "5"]
[White "Halada, Lubos"]
[Black "Prochazka, Michal"]
[Result "1/2-1/2"]
[WhiteElo "1013"]
[BlackElo "1367"]
[PlyCount "56"]
[EventDate "2023.04.16"]
[EventType "swiss"]
[EventRounds "9"]
[EventCountry "SVK"]
[SourceTitle "CBM 213 Extra"]
[Source "ChessBase"]
[SourceDate "2023.05.31"]
[SourceVersion "1"]
[SourceVersionDate "2023.05.31"]
[SourceQuality "1"]

1. d4 Nf6 2. Bf4 g6 3. Nc3 Bg7 4. e4 d6 5. d5 0-0 6. Qd2 e6 7. Bh6 exd5 8. exd5 Re8+ 9. Be2 Bf5 10. Bxg7 Kxg7 11. 0-0-0 Nbd7 12. Nf3 Ne5 13. h3 Qd7 14. g4 Be4 15. Nxe4 Nxe4 16. Qe3 Nc5 17. Nxe5 Rxe5 18. Qc3 Kf8 19. Rhe1 Rae8 20. f4 Re3 21. Qh8+ Ke7 22. Qxh7 Kd8 23. Qh4+ Qe7 24. Qxe7+ R8xe7 25. Rd2 Rxh3 26. Rf1 Rhe3 27. Bd1 R7e4 28. f5 g5 1/2-1/2